Migración, aculturamiento y sustittución lingüística entre la comunidad criolla de Costa Rica /
Guardado en:
| Autor principal: | |
|---|---|
| Formato: | Texto |
| Materias: | |
| Etiquetas: |
Agregar Etiqueta
Sin Etiquetas, Sea el primero en etiquetar este registro!
|
MARC
| LEADER | 00000 a a2200000 04500 | ||
|---|---|---|---|
| 001 | 12898 | ||
| 003 | |||
| 040 | |||
| 100 | |a Spencer Shape, Marva | ||
| 245 | |a Migración, aculturamiento y sustittución lingüística entre la comunidad criolla de Costa Rica / |c Marva Spencer Shape | ||
| 650 | |a NEGROS | ||
| 650 | |a MINORIAS LINGUISTICAS | ||
| 650 | |a LENGUAS | ||
| 650 | |a ACULTURACION | ||
| 650 | |a HISTORIA | ||
| 650 | |a COSTA RICA | ||
| 773 | |g número 57; páginas 49-58 | ||
| 999 | |c 34762 |d 34762 | ||
